000 00775nam a22002417a 4500
003 DO-SdBNP
005 20211020090854.0
007 ta
008 210806b 2018 dr a 00| 0 eng d
020 _a9789945609547
040 _aDO-SdBNP
_bspa
_cBNPHU
082 4 _222
100 1 _aGarcía Taveras, Paula
_979412
245 1 0 _aFénix el pájaro valiente /
_cPaula García Taveras ; diagramación Amado Santana ; ilustraciones Soonhwa Wiesner.
260 _aSanto Domingo :
_bSantuario,
_c2018.
300 _a32 p. :
_bil. ;
_c23 cm.
500 _aIncluye datos biográficos de la autora
590 _aInventariado, 2021 /LP
700 1 _aSantana, Amado,
_ediagramación
_97207
700 1 _a Wiesner, Soonhwa,
_eil.
_977145
910 _aLopérez
942 _2ddc
_cLBS1
999 _c50188
_d50188